=LDR 00000nam 2200000 4500 =001 000333 =005 20250711023415 =035 ##$$a 0010-0725000186 =007 ta =008 250711################a##########0#ind## =020 ##$$a 978-623-307-500-8 =082 ##$$a 398.209 598 =100 #$$a Quader,Suhel =245 1#$$a Apakah Kamu Burung Pelatuk? /$c Suhel Quader =250 ##$$a pertama =260 ##$$a Jakarta Timur :$b Badan Pengembangan dan Pembinaan Bahasa,$c 2022 =300 ##$$a 18hlm. : $b ilus. ; $c 21,5cm =650 #4$$a cerita anak indonesia terjemahan =650 #4$$a literasi bahan bacaan =700 #$$a Kalyani Ganapathy =856 ##$$a TBM AS-SYUHADA =084 ##$$a 398.209 598 QUA a =990 ##$$a TBM202400036 =990 ##$$a TBM202400189